| 000 | 00724nam a2200241Ia 4500 | ||
|---|---|---|---|
| 003 | OSt | ||
| 005 | 20220925204857.0 | ||
| 006 | a|||||r|||| 00| 0 | ||
| 007 | ta | ||
| 008 | 220923b |||||||| |||| 00| 0 eng d | ||
| 037 | _cGeneral Book | ||
| 040 |
_aRTL _cRTL _beng |
||
| 041 |
_2eng _aeng |
||
| 082 | _aX:9J2,9N.1.N7, L0 | ||
| 100 |
_aVan Hoek F J _9269187 |
||
| 245 | 0 | _aMigration of high level manpower from developing t | |
| 260 |
_aHague _bMouton _c1970 |
||
| 300 |
_a52p Bib p 50-52 _ccm. |
||
| 490 | _aInstitute Of Social Studies Paper Back Series 1 | ||
| 650 |
_aPersonnal Management _9233345 |
||
| 942 |
_hX:9J2,9N.1.N7, L0 _cGB _2CC |
||
| 999 |
_c550648 _d550648 |
||